000 00830cab a2200265 4500
001 WB3004-65
008 090401t1994 xxu||||| |||| 00| 0 eng d
035 _a(Sirsi) u58696
041 _aeng
245 _aLandowning in Scotland
260 _c1994
350 _a0
490 _aBulletin: Newsletter of the Scottish Landowners Federation
_v(12) January 1994 (LOAN)
520 _aCovers abolition of sporting rates, reorganisation of water services, livestock quotas, set-aside rules and other notes for landowners.
650 _aLIVESTOCK QUOTAS
650 _aLOCAL GOVERNMENT (SCOTLAND) BILL
650 _aSCOTLAND
650 _aSCOTTISH LANDOWNERS FEDERATION
650 _aSPROTING RATES
650 _aWAYLEAVE RATES
650 _aWAYLEAVES
690 _aRURAL PRACTICE
942 _n0
948 _c04/03/1997
999 _c35886
_d35886